[Event "3rd Gujarat GM Open 2022"]
[Site "Ahmedabad"]
[Date "2022.04.03"]
[Round "6.8"]
[White "Harsha Bharathakoti"]
[Black "Deshmukh, Anup"]
[Result "1-0"]
[WhiteElo "2499"]
[BlackElo "2190"]
[Annotator "RC"]
[PlyCount "71"]
[EventDate "2022.03.31"]
[EventType "swiss"]
[EventCountry "IND"]
[SourceTitle "playchess.com"]
[Source "ChessBase"]
[SourceQuality "1"]
[TimeControl "5400+30"]

1. e4 {[%emt 0:00:58]} c5 {[%emt 0:00:15]} 2. Nf3 {[%emt 0:00:12]} d6 {[%emt 0:00:03]} 3. d4 {[%emt 0:00:13]} cxd4 {[%emt 0:00:06]} 4. Nxd4 {[%emt 0:00:06]} Nf6 {[%emt 0:00:11]} 5. Nc3 {[%emt 0:00:04]} a6 {[%emt 0:00:07]} 6. Nb3 {[%emt 0:02:46]} g6 {[%emt 0:02:10]} 7. Be3 {[%emt 0:03:37]} Bg7 {[%emt 0:00:17]} 8. Be2 {[%emt 0:03:03]} O-O {[%emt 0:00:21]} 9. g4 {[%emt 0:00:09]} Nc6 {[%emt 0:04:24]} 10. g5 {[%emt 0:06:11]} Nd7 {[%emt 0:01:21]} 11. h4 {[%emt 0:14:37]} b5 {[%emt 0:00:56]} 12. Qd2 {[%emt 0:13:50]} Bb7 {[%emt 0:01:01]} 13. O-O-O {[%emt 0:08:36]} Rc8 {[%emt 0:03:44]} 14. Kb1 {[%emt 0:00:44]} b4 {[%emt 0:19:24]} 15. Nd5 {[%emt 0:05:12]} a5 {[%emt 0:00:27]} 16. h5 {[%emt 0:06:21]} e6 {[%emt 0:05:06]} 17. hxg6 {[%emt 0:03:13]} hxg6 {[%emt 0:02:35]} 18. Nf4 {[%emt 0:07:43]} a4 {[%emt 0:01:02]} 19. Nc1 {[%emt 0:00:03]} a3 {[%emt 0:11:51]} 20. Qxd6 {[%emt 0:01:44]} axb2 {[%emt 0:01:32]} 21. Nb3 {[%emt 0:00:20]} Nde5 {[%emt 0:27:09]} 22. Qxd8 {[%emt 0:03:26]} Rfxd8 {[%emt 0:00:44]} 23. Bb6 {[%emt 0:01:03]} Rxd1+ {[%emt 0:06:57]} 24. Rxd1 {[%emt 0:00:05]} Nb8 {[%emt 0:00:39]} 25. f3 {[%emt 0:00:51]} Ba6 {[%emt 0:01:29]} 26. Nd2 {[%emt 0:05:49]} Bxe2 {[%emt 0:02:35]} 27. Nxe2 {[%emt 0:00:03]} Nbc6 {[%emt 0:02:39]} 28. f4 {[%emt 0:00:30]} Nd7 {[%emt 0:00:28]} 29. Be3 {[%emt 0:02:54]} Na5 {[%emt 0:02:40]} 30. e5 {[%emt 0:00:23]} Nc5 {[%emt 0:02:04]} 31. Bxc5 {[%emt 0:00:44]} Rxc5 {[%emt 0:00:04]} 32. Ne4 {[%emt 0:02:18]} Rd5 {[%emt 0:01:02]} 33. Rxd5 {[%emt 0:03:00]} exd5 {[%emt 0:00:01]} 34. Nd6 {[%emt 0:01:43]} Nc6 {[%emt 0:01:10]} 35. Ne8 {[%emt 0:00:06]} Bf8 {[%emt 0:00:55]} 36. Nf6+ {[%emt 0:00:13]} 1-0

[Event "3rd Gujarat GM Open 2022"]
[Site "Ahmedabad"]
[Date "2022.04.03"]
[Round "6.9"]
[White "Venkatesh, M.R."]
[Black "De Silva, L M S T"]
[Result "1/2-1/2"]
[WhiteElo "2493"]
[BlackElo "2220"]
[Annotator "RC"]
[PlyCount "95"]
[EventDate "2022.03.31"]
[EventType "swiss"]
[EventCountry "IND"]
[SourceTitle "playchess.com"]
[Source "ChessBase"]
[SourceQuality "1"]
[TimeControl "5400+30"]

1. e4 {[%emt 0:01:03]} e5 {[%emt 0:00:06]} 2. Nf3 {[%emt 0:00:48]} Nc6 {[%emt 0:00:13]} 3. Bb5 {[%emt 0:00:07]} a6 {[%emt 0:00:07]} 4. Ba4 {[%emt 0:00:04]} Nf6 {[%emt 0:00:06]} 5. d3 {[%emt 0:00:28]} b5 {[%emt 0:01:04]} 6. Bb3 {[%emt 0:00:06]} Be7 {[%emt 0:00:18]} 7. O-O {[%emt 0:00:41]} Bb7 {[%emt 0:00:29]} 8. Nc3 {[%emt 0:10:53]} O-O {[%emt 0:00:48]} 9. Bd2 {[%emt 0:36:35]} d6 {[%emt 0:07:08]} 10. Ne2 {[%emt 0:03:18]} Bc8 {[%emt 0:11:26]} 11. Ng3 Be6 {[%emt 0:03:19]} 12. Re1 {[%emt 0:10:34]} Qd7 {[%emt 0:05:13]} 13. c3 {[%emt 0:06:37]} h6 {[%emt 0:05:48]} 14. d4 {[%emt 0:01:46]} Bg4 {[%emt 0:02:12]} 15. d5 {[%emt 0:06:33]} Na5 {[%emt 0:04:36]} 16. h3 {[%emt 0:00:09]} Bxf3 {[%emt 0:14:05]} 17. Qxf3 {[%emt 0:00:03]} Nxb3 {[%emt 0:04:19]} 18. axb3 {[%emt 0:00:07]} Nh7 {[%emt 0:01:00]} 19. Nf5 {[%emt 0:07:53]} Bg5 {[%emt 0:00:02]} 20. h4 {[%emt 0:01:15]} Bf6 {[%emt 0:03:26]} 21. Ra5 {[%emt 0:04:05]} Kh8 {[%emt 0:01:39]} 22. h5 {[%emt 0:01:34]} Bg5 {[%emt 0:04:44]} 23. Be3 {[%emt 0:00:16]} g6 {[%emt 0:03:37]} 24. Ng3 {[%emt 0:01:25]} Kg7 {[%emt 0:00:55]} 25. Rea1 {[%emt 0:01:12]} Qc8 {[%emt 0:00:47]} 26. Qe2 {[%emt 0:02:22]} Nf6 {[%emt 0:05:23]} 27. c4 {[%emt 0:02:16]} bxc4 {[%emt 0:02:54]} 28. bxc4 {[%emt 0:00:02]} Bf4 {[%emt 0:01:36]} 29. Bxf4 {[%emt 0:01:40]} exf4 {[%emt 0:00:02]} 30. Nf1 {[%emt 0:00:06]} Nxh5 {[%emt 0:01:30]} 31. c5 {[%emt 0:00:34]} Re8 {[%emt 0:01:14]} 32. Qd3 {[%emt 0:00:49]} Qg4 {[%emt 0:02:21]} 33. Nd2 {[%emt 0:00:27]} Nf6 {[%emt 0:02:04]} 34. f3 {[%emt 0:00:48]} Qh4 {[%emt 0:00:41]} 35. Qd4 {[%emt 0:00:03]} Kh7 {[%emt 0:05:13]} 36. cxd6 {[%emt 0:01:09]} Nh5 {[%emt 0:01:32]} 37. Nf1 {[%emt 0:00:19]} cxd6 {[%emt 0:00:31]} 38. Rxa6 {[%emt 0:00:33]} Rxa6 {[%emt 0:01:11]} 39. Rxa6 {[%emt 0:00:02]} Ng3 {[%emt 0:00:06]} 40. Nxg3 {[%emt 0:00:11]} fxg3 {[%emt 0:00:15]} 41. Kf1 {[%emt 0:01:32]} Rc8 {[%emt 0:00:22]} 42. Rc6 {[%emt 0:00:10]} Ra8 {[%emt 0:00:01]} 43. Rc1 {[%emt 0:00:20]} Rb8 {[%emt 0:01:34]} 44. Rc7 {[%emt 0:00:46]} Qh1+ {[%emt 0:01:30]} 45. Qg1 {[%emt 0:00:04]} Qxg1+ {[%emt 0:00:02]} 46. Kxg1 {[%emt 0:00:03]} Rxb2 {[%emt 0:00:04]} 47. Kf1 {[%emt 0:00:36]} Rf2+ {[%emt 0:00:43]} 48. Kg1 {[%emt 0:00:03]} 1/2-1/2

[Event "3rd Gujarat GM Open 2022"]
[Site "Ahmedabad"]
[Date "2022.04.03"]
[Round "6.10"]
[White "Fawzy, Adham"]
[Black "Jain Kashish Manoj"]
[Result "1-0"]
[WhiteElo "2476"]
[BlackElo "2162"]
[Annotator "ChessBase"]
[PlyCount "49"]
[EventDate "2022.03.31"]
[EventType "swiss"]
[EventCountry "IND"]
[SourceTitle "playchess.com"]
[Source "ChessBase"]
[SourceQuality "1"]
[TimeControl "5400+30"]

1. e4 {[%emt 0:00:59]} c5 {[%emt 0:00:17]} 2. Nf3 {[%emt 0:00:07]} d6 {[%emt 0:00:07]} 3. d4 {[%emt 0:00:04]} cxd4 {[%emt 0:00:06]} 4. Nxd4 {[%emt 0:00:02]} Nf6 {[%emt 0:00:08]} 5. Nc3 {[%emt 1:31:48]} Nc6 {[%emt 0:00:09]} 6. Bg5 {[%emt 0:00:00]} e6 {[%emt 0:00:07]} 7. Qd3 {[%emt 0:00:00]} a6 {[%emt 0:09:50]} 8. Nxc6 {[%emt 0:00:00]} bxc6 {[%emt 0:00:07]} 9. O-O-O {[%emt 0:00:00]} Be7 {[%emt 0:03:44]} 10. Qg3 {[%emt 0:00:00]} Qa5 {[%emt 0:09:23]} 11. h4 {[%emt 0:00:00]} Rb8 {[%emt 0:09:27]} 12. Bc4 {[%emt 0:00:00]} e5 {[%emt 0:31:38]} 13. Bb3 {[%emt 0:00:00]} Be6 {[%emt 0:01:04]} 14. Bxf6 {[%emt 0:00:00]} gxf6 {[%emt 0:00:45]} 15. Qg7 {[%emt 0:00:00]} Rf8 {[%emt 0:02:47]} 16. Qxh7 {[%emt 0:00:00]} Qc5 {[%emt 0:01:26]} 17. Rd2 {[%emt 0:00:00]} Kd7 {[%emt 0:01:10]} 18. Na4 {[%emt 0:00:00]} Qa7 {[%emt 0:00:36]} 19. Bxe6+ {[%emt 0:00:00]} fxe6 {[%emt 0:00:16]} 20. Rxd6+ {[%emt 0:00:00]} Kxd6 {[%emt 0:00:02]} 21. Rd1+ {[%emt 0:00:00]} Qd4 {[%emt 0:00:05]} 22. Qh5 {[%emt 0:00:00]} Kd7 {[%emt 0:01:46]} 23. Rxd4+ {[%emt 0:00:00]} exd4 {[%emt 0:00:01]} 24. Nc5+ {[%emt 0:00:00]} Kd6 {[%emt 0:00:57]} 25. Nd3 {[%emt 0:10:00]} 1-0

[Event "3rd Gujarat GM Open 2022"]
[Site "Ahmedabad"]
[Date "2022.04.03"]
[Round "6.11"]
[White "Daakshin Arun"]
[Black "Chanda, Sandipan"]
[Result "1-0"]
[WhiteElo "2173"]
[BlackElo "2485"]
[Annotator "RC"]
[PlyCount "143"]
[EventDate "2022.03.31"]
[EventType "swiss"]
[EventCountry "IND"]
[SourceTitle "playchess.com"]
[Source "ChessBase"]
[SourceQuality "1"]
[TimeControl "5400+30"]

1. d4 {[%emt 1:31:00]} f5 {[%emt 1:31:00]} 2. c4 {[%emt 0:00:30]} Nf6 {[%emt 0:00:30]} 3. Nc3 {[%emt 0:00:30]} e6 {[%emt 0:00:30]} 4. g3 {[%emt 0:00:30]} g6 {[%emt 0:00:30]} 5. Bg2 {[%emt 0:00:30]} Bg7 {[%emt 0:00:30]} 6. Nf3 {[%emt 0:00:30]} O-O {[%emt 0:00:30]} 7. O-O {[%emt 0:00:30]} d5 {[%emt 0:00:30]} 8. Bf4 {[%emt 0:00:30]} c6 {[%emt 0:00:30]} 9. Qc1 {[%emt 0:00:30]} Ne4 {[%emt 0:00:30]} 10. Be5 {[%emt 0:00:30]} Bxe5 {[%emt 0:00:30]} 11. Nxe5 {[%emt 0:00:30]} Nd7 {[%emt 0:00:30]} 12. Nxe4 {[%emt 0:00:30]} Nxe5 {[%emt 0:00:30]} 13. Nd2 {[%emt 0:00:30]} Nf7 {[%emt 0:00:30]} 14. Nf3 {[%emt 0:00:30]} b6 {[%emt 0:00:30]} 15. b3 {[%emt 0:00:30]} Qe7 {[%emt 0:00:30]} 16. cxd5 {[%emt 0:00:30]} cxd5 {[%emt 0:00:30]} 17. Qd2 {[%emt 0:00:30]} a5 {[%emt 0:00:30]} 18. a4 {[%emt 0:00:30]} Ba6 {[%emt 0:00:30]} 19. Rfb1 {[%emt 0:00:30]} Rac8 {[%emt 0:00:30]} 20. b4 {[%emt 0:00:30]} Nd6 {[%emt 0:00:30]} 21. Ne5 {[%emt 0:00:30]} Qc7 {[%emt 0:00:30]} 22. b5 {[%emt 0:00:30]} Bb7 {[%emt 0:00:30]} 23. Rc1 {[%emt 0:00:30]} Nc4 {[%emt 0:00:30]} 24. Qa2 {[%emt 0:00:30]} f4 {[%emt 0:00:30]} 25. Nxc4 {[%emt 0:00:30]} fxg3 {[%emt 0:00:30]} 26. hxg3 {[%emt 0:00:30]} Qf7 {[%emt 0:00:30]} 27. e3 {[%emt 0:00:30]} dxc4 {[%emt 0:00:30]} 28. Bxb7 {[%emt 0:00:30]} Qxb7 {[%emt 0:00:30]} 29. Rxc4 {[%emt 0:00:30]} Rxc4 {[%emt 0:00:30]} 30. Qxc4 {[%emt 0:00:30]} Qe4 {[%emt 0:00:30]} 31. Rc1 {[%emt 0:00:30]} h5 {[%emt 0:00:30]} 32. d5 {[%emt 0:00:30]} Qf3 {[%emt 0:00:30]} 33. Qc2 {[%emt 0:00:30]} exd5 {[%emt 0:00:30]} 34. Qxg6+ {[%emt 0:00:30]} Kh8 {[%emt 0:00:30]} 35. Qh6+ {[%emt 0:00:30]} Kg8 {[%emt 0:00:30]} 36. Qg6+ {[%emt 0:00:30]} Kh8 {[%emt 0:00:30]} 37. Rc2 {[%emt 0:00:30]} Qd1+ {[%emt 0:00:30]} 38. Kg2 {[%emt 0:00:30]} Qf3+ {[%emt 0:00:30]} 39. Kh2 {[%emt 0:00:30]} Qd1 {[%emt 0:00:30]} 40. f4 {[%emt 0:00:30]} Qg4 {[%emt 0:00:30]} 41. Qxg4 {[%emt 0:00:30]} hxg4 {[%emt 0:00:30]} 42. Rc6 {[%emt 0:00:30]} Re8 {[%emt 0:00:30]} 43. Rxb6 {[%emt 0:00:30]} Rxe3 {[%emt 0:00:30]} 44. Rd6 {[%emt 0:00:30]} Re2+ {[%emt 0:00:30]} 45. Kg1 {[%emt 0:00:30]} Rb2 {[%emt 0:00:30]} 46. Rxd5 {[%emt 0:00:30]} Kg7 {[%emt 0:00:30]} 47. b6 {[%emt 0:00:30]} Rxb6 {[%emt 0:00:30]} 48. Rxa5 {[%emt 0:00:30]} Rb1+ {[%emt 0:00:30]} 49. Kf2 {[%emt 0:00:30]} Rb2+ {[%emt 0:00:30]} 50. Kf1 {[%emt 0:00:30]} Rb1+ {[%emt 0:00:30]} 51. Ke2 {[%emt 0:00:30]} Rb2+ {[%emt 0:00:30]} 52. Kd1 {[%emt 0:00:30]} Ra2 {[%emt 0:00:30]} 53. Rg5+ {[%emt 0:00:30]} Kf6 {[%emt 0:00:30]} 54. Rxg4 {[%emt 0:00:30]} Rxa4 {[%emt 0:00:30]} 55. Ke2 {[%emt 0:00:30]} Ra2+ {[%emt 0:00:30]} 56. Kf3 {[%emt 0:00:30]} Ra3+ {[%emt 0:00:30]} 57. Kg2 {[%emt 0:00:30]} Ra2+ {[%emt 0:00:30]} 58. Kh3 {[%emt 0:00:30]} Kf5 {[%emt 0:00:30]} 59. Rg5+ {[%emt 0:00:30]} Ke4 {[%emt 0:00:30]} 60. Kg4 {[%emt 0:00:30]} Ke3 {[%emt 0:00:30]} 61. f5 {[%emt 0:00:30]} Ke4 {[%emt 0:00:30]} 62. Kh5 {[%emt 0:00:30]} Ke5 {[%emt 0:00:30]} 63. g4 {[%emt 0:00:30]} Ra8 {[%emt 0:00:30]} 64. Rg6 {[%emt 0:00:30]} Kf4 {[%emt 0:00:30]} 65. Kh6 {[%emt 0:00:30]} Rb8 {[%emt 0:00:30]} 66. f6 {[%emt 0:00:30]} Rb7 {[%emt 0:00:30]} 67. Rg7 {[%emt 0:00:30]} Rb6 {[%emt 0:00:30]} 68. Kg6 {[%emt 0:00:30]} Kxg4 {[%emt 0:00:30]} 69. Re7 {[%emt 0:00:30]} Kf4 {[%emt 0:00:30]} 70. Re1 Ra6 {[%emt 0:00:30]} 71. Kg7 {[%emt 0:01:00]} Kg5 {[%emt 0:00:30]} 72. Rg1+ {[%emt 0:00:30]} 1-0

[Event "3rd Gujarat GM Open 2022"]
[Site "Ahmedabad"]
[Date "2022.04.03"]
[Round "6.12"]
[White "Singh Ojasva"]
[Black "Mirzoev, Azer"]
[Result "0-1"]
[WhiteElo "2141"]
[BlackElo "2468"]
[Annotator "RC"]
[PlyCount "81"]
[EventDate "2022.03.31"]
[EventType "swiss"]
[EventCountry "IND"]
[SourceTitle "playchess.com"]
[Source "ChessBase"]
[SourceQuality "1"]
[TimeControl "5400+30"]

1. e4 {[%emt 1:31:00]} e5 {[%emt 1:31:00]} 2. Nf3 {[%emt 0:00:30]} Nc6 {[%emt 0:00:30]} 3. Bb5 {[%emt 0:00:30]} a6 {[%emt 0:00:30]} 4. Ba4 {[%emt 0:00:30]} Nge7 {[%emt 0:00:30]} 5. c3 {[%emt 0:00:30]} d6 {[%emt 0:00:30]} 6. d4 {[%emt 0:00:30]} Bd7 {[%emt 0:00:30]} 7. O-O {[%emt 0:00:30]} Ng6 {[%emt 0:00:30]} 8. Re1 {[%emt 0:00:30]} Be7 {[%emt 0:00:30]} 9. Nbd2 {[%emt 0:00:30]} O-O {[%emt 0:00:30]} 10. Nf1 {[%emt 0:00:30]} Nh4 {[%emt 0:00:30]} 11. Nxh4 {[%emt 0:00:30]} Bxh4 {[%emt 0:00:30]} 12. Ng3 {[%emt 0:00:30]} Bg5 {[%emt 0:00:30]} 13. dxe5 {[%emt 0:00:30]} Bxc1 {[%emt 0:00:30]} 14. Rxc1 {[%emt 0:00:30]} Nxe5 {[%emt 0:00:30]} 15. Bxd7 {[%emt 0:00:30]} Nxd7 {[%emt 0:00:30]} 16. f4 {[%emt 0:00:30]} Re8 {[%emt 0:00:30]} 17. Qf3 {[%emt 0:00:30]} Qf6 {[%emt 0:00:30]} 18. Rcd1 {[%emt 0:00:30]} Rad8 {[%emt 0:00:30]} 19. Qg4 {[%emt 0:00:30]} Qg6 {[%emt 0:00:30]} 20. Qxg6 {[%emt 0:00:30]} hxg6 {[%emt 0:00:30]} 21. Kf2 {[%emt 0:00:30]} Nc5 {[%emt 0:00:30]} 22. Kf3 {[%emt 0:00:30]} Kf8 {[%emt 0:00:30]} 23. Re2 {[%emt 0:00:30]} b5 {[%emt 0:00:30]} 24. h4 {[%emt 0:00:30]} a5 {[%emt 0:00:30]} 25. h5 {[%emt 0:00:30]} gxh5 {[%emt 0:00:30]} 26. Nxh5 {[%emt 0:00:30]} b4 {[%emt 0:00:30]} 27. c4 {[%emt 0:00:30]} Nd7 {[%emt 0:00:30]} 28. Red2 {[%emt 0:00:30]} g6 {[%emt 0:00:30]} 29. Ng3 {[%emt 0:00:30]} Nc5 {[%emt 0:00:30]} 30. e5 {[%emt 0:00:30]} Nb7 {[%emt 0:00:30]} 31. exd6 {[%emt 0:00:30]} Nxd6 {[%emt 0:00:30]} 32. b3 {[%emt 0:00:30]} Ra8 {[%emt 0:00:30]} 33. c5 {[%emt 0:00:30]} Nb5 {[%emt 0:00:30]} 34. Rd7 {[%emt 0:00:30]} Ra6 {[%emt 0:00:30]} 35. Ne4 {[%emt 0:00:30]} Rae6 {[%emt 0:00:30]} 36. Ng5 {[%emt 0:00:30]} Re3+ {[%emt 0:00:30]} 37. Kg4 {[%emt 0:00:30]} R8e7 {[%emt 0:00:30]} 38. Rd8+ {[%emt 0:00:30]} Kg7 {[%emt 0:00:30]} 39. Ra8 {[%emt 0:00:30]} f6 {[%emt 0:00:30]} 40. Nf3 {[%emt 0:00:30]} Re2 {[%emt 0:00:30]} 41. Rxa5 {[%emt 0:00:30]} 0-1

[Event "3rd Gujarat GM Open 2022"]
[Site "Ahmedabad"]
[Date "2022.04.03"]
[Round "6.13"]
[White "Kavinda, Akila"]
[Black "Krishna C R G"]
[Result "0-1"]
[WhiteElo "2068"]
[BlackElo "2466"]
[Annotator "RC"]
[PlyCount "80"]
[EventDate "2022.03.31"]
[EventType "swiss"]
[EventCountry "IND"]
[SourceTitle "playchess.com"]
[Source "ChessBase"]
[SourceQuality "1"]
[TimeControl "5400+30"]

1. Nf3 {[%emt 0:01:03]} Nf6 {[%emt 0:00:33]} 2. g3 {[%emt 0:04:31]} d6 {[%emt 0:00:17]} 3. d4 {[%emt 0:00:36]} Nbd7 {[%emt 0:00:03]} 4. Bg2 {[%emt 0:00:25]} e5 {[%emt 0:00:03]} 5. c4 {[%emt 0:01:46]} Be7 {[%emt 0:00:03]} 6. Nc3 {[%emt 0:00:54]} O-O {[%emt 0:00:04]} 7. O-O {[%emt 0:02:44]} c6 {[%emt 0:00:02]} 8. b3 {[%emt 0:00:48]} e4 {[%emt 0:02:07]} 9. Ne1 {[%emt 0:09:12]} d5 {[%emt 0:00:07]} 10. Nc2 {[%emt 0:00:47]} Re8 {[%emt 0:00:49]} 11. Ne3 {[%emt 0:14:42]} Nf8 {[%emt 0:03:27]} 12. Bb2 {[%emt 0:13:49]} h5 {[%emt 0:02:55]} 13. Rc1 {[%emt 0:00:56]} a6 {[%emt 0:00:14]} 14. cxd5 {[%emt 0:19:26]} cxd5 {[%emt 0:00:11]} 15. b4 {[%emt 0:01:24]} h4 {[%emt 0:10:27]} 16. Qb3 {[%emt 0:01:05]} Be6 {[%emt 0:00:06]} 17. b5 {[%emt 0:03:28]} hxg3 {[%emt 0:03:14]} 18. fxg3 {[%emt 0:03:29]} N8d7 {[%emt 0:02:23]} 19. Nf5 {[%emt 0:11:11]} Bf8 {[%emt 0:00:55]} 20. Ba3 {[%emt 0:03:32]} Bxa3 {[%emt 0:07:29]} 21. Qxa3 {[%emt 0:00:04]} axb5 {[%emt 0:00:12]} 22. Qb4 {[%emt 0:03:49]} Nb6 {[%emt 0:00:01]} 23. Nd6 {[%emt 0:01:03]} Re7 {[%emt 0:00:28]} 24. Ncxb5 {[%emt 0:01:12]} Rd7 {[%emt 0:02:07]} 25. a3 {[%emt 0:00:28]} Ra4 {[%emt 0:06:11]} 26. Qc5 {[%emt 0:00:26]} Nc4 {[%emt 0:01:03]} 27. Nxc4 {[%emt 0:00:30]} dxc4 {[%emt 0:00:02]} 28. Nc3 {[%emt 0:00:13]} Ra5 {[%emt 0:00:23]} 29. Qb4 {[%emt 0:00:21]} Rxd4 {[%emt 0:00:22]} 30. Rcd1 {[%emt 0:00:56]} Rxd1 {[%emt 0:05:09]} 31. Rxd1 {[%emt 0:00:08]} Qc7 {[%emt 0:00:02]} 32. Nxe4 {[%emt 0:00:57]} Nd5 {[%emt 0:00:02]} 33. Qb1 {[%emt 0:00:32]} Ne3 {[%emt 0:02:17]} 34. Rc1 {[%emt 0:00:31]} Nxg2 {[%emt 0:00:08]} 35. Kxg2 {[%emt 0:00:04]} Bf5 {[%emt 0:00:51]} 36. Rf1 {[%emt 0:00:30]} Qc6 {[%emt 0:00:31]} 37. Rf4 {[%emt 0:00:44]} Re5 {[%emt 0:00:21]} 38. Kf2 {[%emt 0:00:36]} Bxe4 {[%emt 0:00:09]} 39. Qd1 {[%emt 0:00:36]} Rd5 {[%emt 0:01:09]} 40. Qc1 {[%emt 0:00:17]} Rf5 {[%emt 0:00:08]} 0-1

[Event "3rd Gujarat GM Open 2022"]
[Site "Ahmedabad"]
[Date "2022.04.03"]
[Round "6.14"]
[White "Vignesh N R"]
[Black "Santu, Mondal"]
[Result "1-0"]
[WhiteElo "2444"]
[BlackElo "2063"]
[Annotator "NA RC"]
[PlyCount "55"]
[EventDate "2022.03.31"]
[EventType "swiss"]
[EventCountry "IND"]
[SourceTitle "playchess.com"]
[Source "ChessBase"]
[SourceQuality "1"]
[TimeControl "5400+30"]

1. e4 {[%emt 1:31:00]} e6 {[%emt 1:31:00]} 2. d4 {[%emt 0:00:30]} d5 {[%emt 0:00:30]} 3. Nd2 {[%emt 0:00:30]} Nf6 {[%emt 0:00:30]} 4. e5 {[%emt 0:00:30]} Nfd7 {[%emt 0:00:30]} 5. Bd3 {[%emt 0:00:30]} c5 {[%emt 0:00:30]} 6. c3 {[%emt 0:00:30]} Nc6 {[%emt 0:00:30]} 7. Ngf3 {[%emt 0:00:30]} f5 {[%emt 0:00:30]} 8. exf6 {[%emt 0:00:30]} Nxf6 {[%emt 0:00:30]} 9. O-O {[%emt 0:00:30]} cxd4 {[%emt 0:00:30]} 10. cxd4 {[%emt 0:00:30]} Bd6 {[%emt 0:00:30]} 11. Re1 {[%emt 0:00:30]} O-O {[%emt 0:00:30]} 12. a3 {[%emt 0:00:30]} Qb6 {[%emt 0:00:30]} 13. Nb3 {[%emt 0:00:30]} a5 {[%emt 0:00:30]} 14. Be3 {[%emt 0:00:30]} a4 {[%emt 0:00:30]} 15. Nc5 {[%emt 0:00:30]} Nxd4 {[%emt 0:00:30]} 16. Nxa4 {[%emt 0:00:30]} Nxf3+ {[%emt 0:00:30]} 17. Qxf3 {[%emt 0:00:30]} Qd8 {[%emt 0:00:30]} 18. Nb6 {[%emt 0:00:30]} Rb8 {[%emt 0:00:30]} 19. Qh3 {[%emt 0:00:30]} e5 {[%emt 0:00:30]} 20. Nxc8 {[%emt 0:00:30]} Rxc8 {[%emt 0:00:30]} 21. Bf5 {[%emt 0:00:30]} Rc4 {[%emt 0:00:30]} 22. Rad1 {[%emt 0:00:30]} Qe7 {[%emt 0:00:30]} 23. Rxd5 {[%emt 0:00:30]} Re8 {[%emt 0:00:30]} 24. Bg5 {[%emt 0:00:30]} h6 {[%emt 0:00:30]} 25. Bxf6 {[%emt 0:00:30]} Qxf6 {[%emt 0:00:30]} 26. Qb3 {[%emt 0:00:30]} b5 {[%emt 0:00:30]} 27. Rxb5 {[%emt 0:00:30]} Qf7 {[%emt 0:00:30]} 28. Bg6 {[%emt 0:00:30]} 1-0

[Event "3rd Gujarat GM Open 2022"]
[Site "Ahmedabad"]
[Date "2022.04.03"]
[Round "6.15"]
[White "Sahu, Sekhar Chandra"]
[Black "Gusain, Himal"]
[Result "0-1"]
[WhiteElo "2049"]
[BlackElo "2408"]
[Annotator "RC"]
[PlyCount "58"]
[EventDate "2022.03.31"]
[EventType "swiss"]
[EventCountry "IND"]
[SourceTitle "playchess.com"]
[Source "ChessBase"]
[SourceQuality "1"]
[TimeControl "5400+30"]

1. g3 {[%emt 0:05:44]} e5 {[%emt 0:01:37]} 2. Bg2 {[%emt 0:00:08]} d5 {[%emt 0:00:44]} 3. c4 {[%emt 0:01:12]} d4 {[%emt 0:00:26]} 4. Nf3 {[%emt 0:00:38]} e4 {[%emt 0:01:34]} 5. Ng1 {[%emt 0:00:02]} f5 {[%emt 0:05:15]} 6. d3 {[%emt 0:03:00]} Nf6 {[%emt 0:01:41]} 7. Bg5 {[%emt 0:00:24]} Nc6 {[%emt 0:06:54]} 8. dxe4 {[%emt 0:02:56]} fxe4 {[%emt 0:00:05]} 9. Bxe4 {[%emt 0:00:14]} Bb4+ {[%emt 0:00:08]} 10. Kf1 {[%emt 0:00:57]} O-O {[%emt 0:00:18]} 11. Bf3 {[%emt 0:17:07]} Ne5 {[%emt 0:02:38]} 12. Qb3 {[%emt 0:01:58]} c5 {[%emt 0:02:23]} 13. a3 {[%emt 0:09:43]} Ba5 {[%emt 0:00:05]} 14. Nd2 {[%emt 0:03:56]} Be6 {[%emt 0:03:17]} 15. Rc1 {[%emt 0:12:51]} Rb8 {[%emt 0:02:37]} 16. Bf4 {[%emt 0:03:58]} Bxd2 {[%emt 0:02:24]} 17. Bxd2 {[%emt 0:01:09]} b5 {[%emt 0:02:14]} 18. Kg2 {[%emt 0:08:31]} bxc4 {[%emt 0:00:34]} 19. Qc2 {[%emt 0:00:18]} Rb3 {[%emt 0:03:19]} 20. Bf4 {[%emt 0:03:33]} Nxf3 {[%emt 0:00:14]} 21. exf3 {[%emt 0:00:04]} Qb6 {[%emt 0:00:15]} 22. Nh3 {[%emt 0:06:01]} Rxb2 {[%emt 0:00:37]} 23. Qd1 {[%emt 0:00:10]} Bd5 {[%emt 0:00:43]} 24. Re1 {[%emt 0:00:50]} Qc6 {[%emt 0:00:12]} 25. Re7 {[%emt 0:06:16]} Rb3 {[%emt 0:00:46]} 26. Ng5 {[%emt 0:03:12]} h6 {[%emt 0:03:14]} 27. Ne4 {[%emt 0:00:51]} Nxe4 {[%emt 0:00:41]} 28. fxe4 {[%emt 0:00:16]} Bxe4+ {[%emt 0:00:07]} 29. Kg1 {[%emt 0:00:16]} Rxf4 {[%emt 0:00:10]} 0-1